000 00900nam a2200217Ia 4500
003 OSt
005 20251217144803.0
008 220922b |||||||| |||| 00| 0 hin d
037 _cTB
040 _aARTS
_cARTS
_bhin
041 _2hin
_ahin
084 _aO44,1:g 152K3;L6
_qAL
100 _aनगेन्द्र
_9156277
245 0 _aभारतीय काव्यशास्त्र की भूमिका :
_b रीति तथा वक्रीत्ति सिद्वान्त
246 _aBhāratīya kāvyashāstra kī bhūmikā: rīti tathā vakrītti sidvānta
260 _aदिल्ली :
_b नेशनल पब्लिशिंग ,
_c1963.
300 _a346पृ.
_ccm.
650 _aहिन्दी साहित्य
_9156264
942 _hO44,1:g 152K3;L6
_cTB
_2CC
_n0
999 _c310398
_d310398